Quiz o Fidżi - Statystyki

Ogólne statystyki
  • Ten quiz został rozwiązany 724 razy
  • Średni wynik to 10 z 20
Statystyki odpowiedzi
Wskazówka Odpowiedź % Poprawnych
Języki oficjalne angielski
91%
Państwo, które skolonizowało Fidżi w latach 1874–1987 Wielka Brytania
87%
Państwo, które leży 2000 km na południe od Fidżi Nowa Zelandia
79%
Stolica Suva
77%
Waluta Dolar Fidżi
66%
Najpopularniejszy sport Rugby union
61%
Podregion Oceanii, do którego należy Fidżi Melanezja
54%
"izm”, który kiedyś przerażał europejskich gości na Fidżi, chociaż jego rozpowszechnienie jest przedmiotem dyskusji Kanibalizm
51%
Fidżi i Rosja to jedyne dwa kraje, które mają ląd na tej głównej linii długości geograficznej 180°
49%
Przed I wojną światową Fidżi przyjmowało z tego państwa około 60 000 pracowników kontraktowych Indie
48%
Rodzaj kryzysu politycznego, jakiego doświadczyło Fidżi w latach 2007, 2000 i dwukrotnie w 1987 Pucz
44%
Holenderski odkrywca, który jako pierwszy Europejczyk zobaczył wyspy w 1643 roku Abel Tasman
38%
Języki oficjalne fidżyjski
38%
Języki oficjalne {hindi} fidżyjskie
36%
Sport uprawiany przez Vijaya Singha, jednego z najbardziej utytułowanych sportowców Fidżi Golf
29%
Największa wyspa, zajmująca ponad połowę powierzchni i populacji Fidżi Viti Levu
27%
Druga największa wyspa Vanua Levu
26%
Najlepsze plony pieniężne Trzcina cukrowa
23%
Oddział protestancki, do którego należy około 35% mieszkańców Fidżi (wskazówka: zaczyna się na M) Metodyzm
22%
Miasto z największą liczbą turystów i największym lotniskiem Nadi
22%
Nie znaleziono quizów pasujących do podanych kryteriów
Rozkład punktacji
Procent ludzi z każdym wynikiem
Percentyl według liczby udzielonych odpowiedzi
Twoja historia wyników
Nie rozwiązałeś tego quizu